000 01101cam a22003497a 4500
003 CHAP
005 20220329142249.0
008 000407d1997 uk a r 00010 eng d
010 _a80750
011 _a81722
020 _a0 85199 127 0
035 _a92199
040 _cCHAP
082 0 4 _a634.44
_bL5
100 0 0 _aLitz, Richard E.
_eed.
_967183
245 1 4 _aThe mango :
_bbotany, production and uses
_c/ed. by R. E. Litz
260 _aOxon :
_bCAB International,
_c1997.
300 _a587 p. :
_bilus.
590 _aBATCH-UPD
_b10
_c20130110
_lUCH01
_h0804
590 _aBATCH-UPD
_b10
_c20130410
_lUCH01
_h0442
590 _aBATCH-UPD
_b10
_c20130914
_lUCH01
_h1727
590 _aCONVERSION
_b10
_c20130109
_lUCH01
_h1345
650 1 4 _aMango.
_970395
650 1 4 _aMango
_xEnfermedades.
_970410
650 1 4 _aMango
_xFisiología y morfología.
_970418
650 1 4 _aMango
_xPlagas.
_970443
650 1 4 _aMango
_xPropagación.
_970453
901 _aBK
905 _aLilia Sánchez G.
942 _cLIBRO
949 _a634.44 L5
_bBC
_cLIBRO
_d33724000890067
_eLIBRO
_gI.203416
_h97688
_i92199
_si
_t$1.880.00
999 _c80750
_d80750